Ahmad Mehmood nawesindha realisti (Record no. 887278)

MARC details
000 -LEADER
fixed length control field 00768nam a2200253Ia 4500
003 - CONTROL NUMBER IDENTIFIER
control field OSt
005 - DATE AND TIME OF LATEST TRANSACTION
control field 20220930094534.0
008 - FIXED-LENGTH DATA ELEMENTS--GENERAL INFORMATION
fixed length control field 220926b |||||||| |||| 00| 0 per d
037 ## - SOURCE OF ACQUISITION
Terms of availability Theses
040 ## - CATALOGING SOURCE
Original cataloging agency CRL
Transcribing agency CRL
Language of cataloging per
041 ## - LANGUAGE CODE
Source of code per
Language code of text/sound track or separate title per
100 ## - MAIN ENTRY--PERSONAL NAME
Personal name Nigar Au.
9 (RLIN) 555812
110 ## - MAIN ENTRY--CORPORATE NAME
Corporate name or jurisdiction name as entry element University of Delhi. Faculty of Arts. Department of Persian
9 (RLIN) 520241
245 #0 - TITLE STATEMENT
Title Ahmad Mehmood nawesindha realisti
Remainder of title tehleel inteqadi asarish
260 ## - PUBLICATION, DISTRIBUTION, ETC.
Date of publication, distribution, etc. 2021
300 ## - PHYSICAL DESCRIPTION
Extent 263p.
-- p.
Dimensions cm.
700 ## - ADDED ENTRY--PERSONAL NAME
Personal name Rajinder Kumar Gu.
9 (RLIN) 555813
700 ## - ADDED ENTRY--PERSONAL NAME
Personal name University of Delhi. Faculty of Arts. Department of Persian
9 (RLIN) 520242
942 ## - ADDED ENTRY ELEMENTS (KOHA)
Koha item type Dissertations
Source of classification or shelving scheme Colon Classification (CC)
Holdings
Withdrawn status Lost status Damaged status Not for loan Home library Current library Date acquired Total Checkouts Barcode Date last seen Price effective from Koha item type
        Central Library Central Library 2022-09-30   TH0025467 2022-09-30 2022-09-30 Thesis
Copyright @ Delhi University Library System